| 000 | 00950nam a22002777a 4500 | ||
|---|---|---|---|
| 001 | BR7900656 | ||
| 003 | BR-BrBNA | ||
| 005 | 20230928085919.0 | ||
| 007 | ta | ||
| 008 | 230509b bl.||||| |||| 00| 0 por d | ||
| 040 |
_aBR-BrBNA _bpor _cBiblioteca Nacional de Agricultura |
||
| 041 | _a(Eng, Por) | ||
| 072 |
_aF25 _b0430 |
||
| 090 | _ 0430 BR7900656 | ||
| 100 | 1 | _aNascimento, D.P. do | |
| 100 | 1 | _aGomes, n.m.s. | |
| 110 | 1 |
_aCentro Nacional de Pesquisa do Algodao, Campina Grande, PB (Brasil). Setor de Informacao e Documentacao _91826 |
|
| 245 | 1 | _aAdubacao do algodoeiro: Bibliografia das publicacoes existentes no SID/CNP. Algodao [Centro Nacional de Pesquisa o Algodao. Setor de Informacao e Documentacao; Gossypium spp; Brasil] | |
| 260 | 3 |
_aCampina Grande, PB (Brasil): _c1979. |
|
| 300 | _a11 p. | ||
| 650 | _aAlgodao | ||
| 650 | _aAdubacao | ||
| 650 | _aBibliografia | ||
| 909 |
_a202309 _bLucia _c55 _dLucia Elande |
||
| 942 | _cBK | ||
| 999 |
_c26988 _d26988 |
||